000
00327nam a22001337a 4500
008
180904b xxu||||| |||| 00| 0 eng d
020
_a
9780940780811
041
_a
eng
080
_2
4 ED
_a
579
100
_a
11
101
_a
MIK
245
_a
Clinical Mikrobiology Made Ridiculously Simple
_c
Gladwin.M
942
_2
udc
_c
BK
999
_c
47527
_d
47527